| 000 | 00471nam a2200193Ia 4500 | ||
|---|---|---|---|
| 008 | 151121s9999||||xx |||||||||||||| ||und|| | ||
| 082 | _a823-/Bly | ||
| 082 | _bHNW-31819 | ||
| 100 | _aBlyton E। | ||
| 245 | _aMister meddle's muddles | ||
| 260 | _b"Dean & Son Ltd, London।" | ||
| 260 | _c-- | ||
| 300 | _a184 | ||
| 600 | _aBlyton E। | ||
| 630 | _aMister meddle's muddles | ||
| 700 | _aBlyton E। | ||
| 730 | _aMister meddle's muddles | ||
| 942 | _cBOOK | ||
| 999 |
_c1225683 _d1225680 |
||